|
|
|
|
| LEADER |
00000nab a2200000 a 4500 |
| 001 |
vtls000069888 |
| 003 |
SK-MaSNL |
| 005 |
20260305030726.0 |
| 008 |
111103c1980 xo 0 slo |
| 015 |
|
|
|a SNBRB19rr/mm-uuuuu
|
| 035 |
|
|
|a CL0079988
|
| 040 |
|
|
|a SNKBUCL
|b slo
|c SNKBUCL
|e AACR2
|
| 041 |
0 |
|
|a slo
|
| 044 |
|
|
|a xo
|c SK
|
| 080 |
|
|
|a 329.15(437.6)
|2 1981
|
| 245 |
0 |
0 |
|a Z diskusie na plenárnom zasadnutí Východoslovenského krajského výboru KSS ; Ivan Goňko, František Gešvantner, František Eged, Zdena Heringová, Jozef Gazdík
|
| 650 |
0 |
7 |
|a KSS KV
|2 snkbucl
|9 1003290
|
| 651 |
|
7 |
|a 5400
|2 snkbucl
|9 279426
|
| 651 |
|
7 |
|a 5403
|2 snkbucl
|9 893808
|
| 651 |
|
7 |
|a Východoslovenský kraj (Slovensko)
|2 snkbucl
|9 161537
|
| 655 |
|
7 |
|a články z novín a časopisov
|2 snkbucl
|9 267496
|
| 700 |
1 |
|
|a Goňko, Ivan
|4 aut
|9 926586
|
| 700 |
1 |
|
|a Gešvantner, František
|4 aut
|9 1228532
|
| 700 |
1 |
|
|a Eged, František
|4 aut
|9 1607837
|
| 700 |
1 |
|
|a Heringová, Zdena
|4 aut
|9 1228561
|
| 700 |
1 |
|
|a Gazdík, Jozef,
|d 1931-1982
|4 aut
|9 42234
|
| 773 |
0 |
|
|t Východoslovenské noviny
|g Roč. 29, č. 256 (29. 10. 1980), s. 3
|
| 850 |
|
|
|a Slovenská národná knižnica v Martine
|a MTA001
|
| 852 |
|
|
|a SNK
|b KIS3GCP
|
| 958 |
|
|
|a RK
|
| 992 |
|
|
|a RBX
|
| 999 |
|
|
|c 3313074
|d 3315004
|